000 00479nam a2200169 a 4500
001 000045857
005 20201002052503.0
008 111031s1978 ve 000 0 spa d
040 _aDO-SdBNP
_bspa
_cBNPHU
082 _axxxx
_bxxxx
100 1 _aOviedo, José Miguel
_961245
245 1 0 _aNarradores peruanos /
_cJosé Miguel Oviedo.
260 _aCaracas, Venezuela, :
_bMonte avila,
_c1978.
300 _a276 p. ;
_c18 cm.
490 1 _aContinente
830 0 _aContinente
_95070
999 _c45346
_d45346